Štruktúra a motivácia pracovníkov vo vybranej spoločnosti diplomová práca

Na minha lista:
Detalhes bibliográficos
Autor principal: Michalidesová, Martina
Autor Corporativo: Podnikovohospodárska fakulta EU so sídlom v Košiciach. Katedra hospodárskej informatiky a matematiky
Outros Autores: Hajduová, Zuzana, 1974-
Formato: Livro
Idioma:eslovaco
Publicado em: Košice 2011
Tags: Adicionar Tag
Sem tags, seja o primeiro a adicionar uma tag!

MARC

LEADER 00000nbm a2200000 4500
001 0139255
005 20161109101915.5
041 0 |a slo 
044 |a SK 
245 1 0 |a Štruktúra a motivácia pracovníkov vo vybranej spoločnosti  |b diplomová práca  |c Martina Michalidesová ; školiteľ: Zuzana Hajduová 
264 1 |a Košice  |c 2011 
300 |a 62 s. 
100 1 |a Michalidesová, Martina 
700 1 |a Hajduová, Zuzana, 1974- 
710 2 |a Podnikovohospodárska fakulta EU so sídlom v Košiciach. Katedra hospodárskej informatiky a matematiky